|
|
|
|
| LEADER |
00000nam a2200000 a 4500 |
| 001 |
vtls009630165 |
| 003 |
SK-MaSNL |
| 005 |
20260301171424.0 |
| 008 |
240318s2008 xo d f 000 0 slv |
| 015 |
|
|
|a SNBA2009/08-04172
|
| 020 |
|
|
|a 9788097007102
|q (brož.)
|
| 040 |
|
|
|a SNK
|b slo
|c SNK
|e AACR2
|
| 041 |
0 |
|
|a slv
|
| 044 |
|
|
|a xo
|c SK
|
| 072 |
|
7 |
|a 615
|x Farmácia. Farmakológia
|2 konspekt
|
| 080 |
|
|
|a 615.37
|2 2001
|
| 080 |
|
|
|a 616-092.19
|2 2001
|
| 080 |
|
|
|a 616-006.04-052
|2 2001
|
| 080 |
|
|
|a 615.27
|2 2001
|
| 080 |
|
|
|a 615.45
|2 2001
|
| 080 |
|
|
|a (035)
|2 2001
|
| 100 |
1 |
|
|a Bright, Spencer
|4 aut
|9 539074
|
| 245 |
1 |
0 |
|a Biobran
|b pot do močnega imunskega sistema : umunomodulacija in njene koristi za bolnike z rakom
|c Spencer Bright ; predgovor: Anthony Soyer
|
| 250 |
|
|
|a [1. vyd.]
|
| 260 |
|
|
|a [Pezinok
|b Advertize]
|c c2008
|
| 300 |
|
|
|a 100 s.
|c 20 cm
|
| 500 |
|
|
|a Vydav. údaje podľa ISBN
|
| 504 |
|
|
|a Bibliogr. s. 96-99
|
| 650 |
0 |
7 |
|a imunomodulácia
|2 SNKPH
|9 15034
|
| 650 |
0 |
7 |
|a imunitný systém
|2 SNKPH
|9 69735
|
| 650 |
0 |
7 |
|a onkologickí pacienti
|2 SNKPH
|9 78306
|
| 650 |
0 |
7 |
|a potravinové doplnky
|2 SNKPH
|9 68313
|
| 650 |
0 |
7 |
|a liečivé prípravky
|2 SNKPH
|9 84057
|
| 655 |
|
7 |
|a príručky
|2 SNKPH
|9 74364
|
| 700 |
1 |
|
|a Soyer, Anthony
|4 aui
|9 539075
|
| 919 |
|
|
|a 978-80-970071-0-2
|
| 958 |
|
|
|a NB
|
| 958 |
|
|
|a MI
|
| 968 |
|
|
|d 61
|
| 999 |
|
|
|c 830782
|d 832712
|
| 952 |
|
|
|a SNK
|b SNK
|y PREZ
|7 0
|p 17A0625893
|o snkSD 78361
|i snk2009/13183
|8 0
|0 0
|1 0
|4 0
|d 2009-07-22
|l 0
|r 2025-11-26 00:00:00
|w 2026-02-24
|
| 952 |
|
|
|a SNK
|b SNK
|y VYP
|7 0
|p 17A0625886
|o snkSD 78361 D1
|i snk2009/13184
|8 0
|0 0
|1 0
|4 0
|d 2009-07-22
|l 0
|r 2017-06-30 00:00:00
|w 2026-02-24
|